|
|
|
|
| LEADER |
00000nam0a2200000 4500 |
| 001 |
211814 |
| 005 |
20231031192723.0 |
| 035 |
|
|
|a (RuTPU)RU\TPU\book\231407
|
| 090 |
|
|
|a 211814
|
| 100 |
|
|
|a 20120320d1971 k y0rusy50 ca
|
| 101 |
0 |
|
|a rus
|
| 102 |
|
|
|a RU
|
| 105 |
|
|
|a a z 001zy
|
| 200 |
1 |
|
|a Мемуар о компактных топологических пространствах
|f П. С. Александров, П. С. Урысон
|
| 205 |
|
|
|a 3-е изд.
|
| 210 |
|
|
|a Москва
|c Наука
|d 1971
|
| 215 |
|
|
|a 144 с.
|c ил.
|
| 320 |
|
|
|a Библиогр.: с. 139-144.
|
| 610 |
1 |
|
|a топологические пространства
|
| 610 |
1 |
|
|a определения
|
| 610 |
1 |
|
|a теоремы
|
| 610 |
1 |
|
|a бикомпактные пространства
|
| 610 |
1 |
|
|a строение
|
| 610 |
1 |
|
|a мощность
|
| 610 |
1 |
|
|a замкнутые пространства
|
| 610 |
1 |
|
|a компактные пространства
|
| 675 |
|
|
|a 515.1
|v 3
|
| 700 |
|
1 |
|a Александров
|b П. С.
|g Павел Сергеевич
|
| 701 |
|
1 |
|a Урысон
|b П. С.
|g Павел Самуилович
|
| 801 |
|
1 |
|a RU
|b 63413507
|c 20120320
|
| 801 |
|
2 |
|a RU
|b 63413507
|c 20140122
|g RCR
|
| 942 |
|
|
|c BK
|